000
00272nam a2200109Ia 4500
008
200302s9999 xx 000 0 und d
100
_a
Marco Ciriello
245
_a
Architectural Design Graphics
260
_b
Tata Mcgraw-Hill Co. Inc.
260
_c
2002
300
_a
11.33 P.,
999
_c
1499
_d
1499